| 000 | 01351cac a2200385 i 4500 | ||
|---|---|---|---|
| 003 | EG-GICUC | ||
| 005 | 20260121101543.0 | ||
| 008 | 970226s1997 enk frb 001 0 eng d | ||
| 020 |
_a0521581796 _qhardback |
||
| 020 |
_a9780521581790 _q(hardback) |
||
| 020 | _a9780521795104 | ||
| 020 | _a0521795109 | ||
| 040 |
_aDLC _cDLC _dDLC _dEG-GICUC _beng _erda |
||
| 050 | 0 | 0 |
_aHV6049 _b.Z36 1997 |
| 082 | 0 | 0 |
_a343.664 _221 |
| 092 | 0 | 4 | _221 |
| 099 | _aLaw 10 1997 | ||
| 100 | 1 | _aZamble, Edward. | |
| 245 | 1 | 4 |
_aThe criminal recidivism process / _cEdward Zamble, Vernon L. Quinsey. |
| 264 |
_aCambridge [England] ; _aNew York, NY, USA : _bCambridge University Press, _c1997. |
||
| 300 |
_ax, 181 page ; _c24 cm. |
||
| 336 |
_atext _btxt _2rdacontent |
||
| 337 |
_aunmediated _bn _2rdamedia |
||
| 338 |
_avolume _bnc _2rdacarrier |
||
| 440 | 0 | _aCambridge criminology series | |
| 504 | _aIncludes bibliographical references (p. 155-161) and index. | ||
| 650 | 0 | _aRecidivism. | |
| 650 | 0 |
_aRecidivists _xPsychology. |
|
| 700 | 1 | _aQuinsey, Vernon L. | |
| 856 | 4 | 2 | _uhttps://fll.law.cu.edu.eg/fulltext/bks/ENGB10-00101.pdf |
| 856 | 4 | 2 |
_3Publisher description _uhttp://www.loc.gov/catdir/description/cam028/97001293.html |
| 856 | 4 | 1 |
_3Table of contents _uhttp://www.loc.gov/catdir/toc/cam026/97001293.html |
| 905 | _a10 | ||
| 942 |
_2ddc _cBK _e21 _n0 |
||
| 999 |
_c52838 _d52838 |
||